000 00341nam a2200133Ia 4500
008 191014s9999 xx 000 0 und d
020 _a0-805325093
082 _a530.13
_bFEY
100 _aR.P.Feynman
_920265
245 0 _aStatistical Mechanics A Set of Lectures
260 _aUSA
_bW.E.Benjamin
_c1972
300 _aXii,354
942 _cBK
999 _c530835
_d530835